[Event "Benidorm 2009 - Campeonato de España po"]
[Site "Benidorm ESP"]
[Date "2009.12.04"]
[Round "1.11"]
[White "Moreno Brocalero, Edgar"]
[Black "Montoliu Cervero, Francisco"]
[Result "0-1"]
[WhiteElo "1763"]
[BlackElo "2112"]
[PlyCount "58"]
[EventDate "2009.12.04"]
[EventType "team-tourn"]
[EventRounds "6"]
[EventCountry "ESP"]
[Source "lmi"]
[SourceDate "2009.12.04"]

1. e4 c5 2. Nf3 d6 3. d4 cxd4 4. Nxd4 Nf6 5. Nc3 g6 6. Bd3 Bg7 7. Be3 O-O 8.
O-O Ng4 9. Qc1 Nxe3 10. fxe3 Nc6 11. Nxc6 bxc6 12. Nd1 d5 13. c3 e5 14. Qc2 Be6
15. Kh1 Qg5 16. Qf2 f5 17. exf5 gxf5 18. Qe2 Kh8 19. Bc2 Rg8 20. Nf2 Raf8 21.
Nd3 Bc8 22. Ne1 e4 23. Bb3 Be5 24. Bd1 Rf6 25. Rf2 Rh6 26. g3 Qxg3 27. Rg2
Rxh2+ 28. Kg1 Rxg2+ 29. Nxg2 Qh2+ 0-1

[Event "Benidorm 2009 - Campeonato de España po"]
[Site "Benidorm ESP"]
[Date "2009.12.04"]
[Round "1.12"]
[White "Silva Rodriguez, Fernando"]
[Black "Sierra Soria, Maria"]
[Result "1-0"]
[WhiteElo "2048"]
[BlackElo "1735"]
[PlyCount "77"]
[EventDate "2009.12.04"]
[EventType "team-tourn"]
[EventRounds "6"]
[EventCountry "ESP"]
[Source "lmi"]
[SourceDate "2009.12.04"]

1. e4 c5 2. Nf3 d6 3. d4 cxd4 4. Nxd4 Nf6 5. f3 a6 6. c4 e6 7. Nc3 Be7 8. Be3
Qc7 9. Be2 Nbd7 10. O-O Ne5 11. Rc1 Bd7 12. Qd2 Rc8 13. b3 O-O 14. Kh1 Rfd8 15.
Bg1 Qb8 16. Rc2 Ng6 17. Rb2 Bc6 18. b4 Ne5 19. Rc1 Be8 20. Nd1 d5 21. exd5 exd5
22. c5 Nc6 23. Nc3 Qe5 24. Re1 Qc7 25. a4 Ne5 26. Rbb1 a5 27. Ncb5 Bxb5 28.
Nxb5 Qb8 29. Bf1 axb4 30. Qxb4 Nc6 31. Qb2 Bf8 32. Bd3 Re8 33. Bf5 Rxe1 34.
Rxe1 Re8 35. Rb1 Re5 36. Qc2 Qe8 37. Nd6 Bxd6 38. cxd6 Qd8 39. Rxb7 1-0

[Event "Benidorm 2009 - Campeonato de España po"]
[Site "Benidorm ESP"]
[Date "2009.12.04"]
[Round "1.13"]
[White "Melgar Paramo, Isaac"]
[Black "Ballester Llagaria, Luis Eduardo"]
[Result "0-1"]
[WhiteElo "1724"]
[BlackElo "2042"]
[PlyCount "46"]
[EventDate "2009.12.04"]
[EventType "team-tourn"]
[EventRounds "6"]
[EventCountry "ESP"]
[Source "lmi"]
[SourceDate "2009.12.04"]

1. e4 c5 2. Nf3 e6 3. d4 cxd4 4. Nxd4 Nf6 5. Bd3 Nc6 6. Nb3 d5 7. exd5 exd5 8.
O-O Bd6 9. Re1+ Be6 10. Bf5 O-O 11. Bxe6 fxe6 12. Nc3 Qe7 13. Bg5 Qf7 14. Qe2
Rae8 15. Nb5 Bb8 16. Nc5 a6 17. Nc3 Qc7 18. g3 Nd4 19. Qd1 Qxc5 20. Be3 e5 21.
f4 Ba7 22. fxe5 Rxe5 23. Na4 Qxc2 0-1

[Event "Benidorm 2009 - Campeonato de España po"]
[Site "Benidorm ESP"]
[Date "2009.12.04"]
[Round "1.14"]
[White "Silva Rodriguez, Julio"]
[Black "Hernandez Mateo, Javier"]
[Result "1-0"]
[WhiteElo "1983"]
[BlackElo "1687"]
[PlyCount "75"]
[EventDate "2009.12.04"]
[EventType "team-tourn"]
[EventRounds "6"]
[EventCountry "ESP"]
[Source "lmi"]
[SourceDate "2009.12.04"]

1. e4 e5 2. Nf3 Nf6 3. Bc4 Nc6 4. Ng5 d5 5. exd5 Na5 6. Bb5+ Bd7 7. Qe2 Bd6 8.
Nc3 O-O 9. Nge4 Nxe4 10. Nxe4 Bxb5 11. Qxb5 b6 12. b4 Nb7 13. d3 Qe7 14. a3 a5
15. Rb1 h6 16. Qc6 Ra7 17. Bd2 axb4 18. axb4 f5 19. Nxd6 Nxd6 20. O-O f4 21. f3
Rf6 22. Qc3 Rg6 23. Rbe1 Qg5 24. Rf2 Nf7 25. d4 Qh4 26. Qd3 Kh7 27. Rfe2 Ng5
28. Kh1 exd4 29. Qxd4 Rf6 30. c4 Ra3 31. Bc3 Qh5 32. c5 Nxf3 33. Qd3+ Rg6 34.
gxf3 Qg5 35. cxb6 cxb6 36. d6 Ra8 37. Bd4 Rb8 38. Rg1 1-0

[Event "Benidorm 2009 - Campeonato de España po"]
[Site "Benidorm ESP"]
[Date "2009.12.04"]
[Round "1.21"]
[White "Antolin Concha, Diego"]
[Black "Gomez Yepes, Angel"]
[Result "1-0"]
[WhiteElo "2171"]
[BlackElo "1805"]
[PlyCount "53"]
[EventDate "2009.12.04"]
[EventType "team-tourn"]
[EventRounds "6"]
[EventCountry "ESP"]
[Source "lmi"]
[SourceDate "2009.12.04"]

1. d4 Nf6 2. c4 g6 3. Nc3 Bg7 4. Bf4 O-O 5. Nf3 d6 6. h3 Nbd7 7. e3 Re8 8. Be2
Nh5 9. Bh2 e5 10. dxe5 Nxe5 11. Nxe5 Bxe5 12. Bxh5 Bxh2 13. Rxh2 gxh5 14. Qxh5
Re5 15. Qe2 Qf6 16. O-O-O c6 17. Rd4 Bf5 18. g4 Bd7 19. Ne4 Qe7 20. Nxd6 c5 21.
Rd2 Bc6 22. Nf5 Qc7 23. f3 Qa5 24. Kb1 Rae8 25. e4 Qb4 26. Qe3 Qxc4 27. Qg5+
1-0

[Event "Benidorm 2009 - Campeonato de España po"]
[Site "Benidorm ESP"]
[Date "2009.12.04"]
[Round "1.22"]
[White "Perez Pardo, Adrian Jason"]
[Black "Castillo Sanjuan, Alejandro"]
[Result "0-1"]
[WhiteElo "1671"]
[BlackElo "1949"]
[PlyCount "80"]
[EventDate "2009.12.04"]
[EventType "team-tourn"]
[EventRounds "6"]
[EventCountry "ESP"]
[Source "lmi"]
[SourceDate "2009.12.04"]

1. e4 c5 2. Nf3 d6 3. d4 cxd4 4. Nxd4 Nf6 5. Nc3 e6 6. Bg5 Be7 7. Qd2 O-O 8.
O-O-O a6 9. h4 b5 10. Bd3 Bb7 11. f3 Nc6 12. Nxc6 Bxc6 13. g4 b4 14. Ne2 d5 15.
Bxf6 Bxf6 16. g5 Be7 17. e5 Bb5 18. f4 Qc7 19. Kb1 Rac8 20. Rc1 Bc5 21. h5 Qb6
22. Rh3 Rfd8 23. g6 fxg6 24. hxg6 h6 25. f5 Bxd3 26. Qxd3 exf5 27. Qxf5 Rf8 28.
Qd3 Qe6 29. Rg3 Qxe5 30. Qxa6 Be3 31. Rd1 Qe4 32. Qd3 Qxd3 33. cxd3 d4 34. Rg4
Rcd8 35. Re1 Rf2 36. Nxd4 Bxd4 37. Ree4 Rxb2+ 38. Kc1 Bc3 39. Re7 Rf8 40. Rg1
Rxa2 0-1

[Event "Benidorm 2009 - Campeonato de España po"]
[Site "Benidorm ESP"]
[Date "2009.12.05"]
[Round "2.11"]
[White "Montoliu Cervero, Francisco"]
[Black "Piriz Fernandez, Daniel"]
[Result "1-0"]
[WhiteElo "2112"]
[BlackElo "1834"]
[PlyCount "69"]
[EventDate "2009.12.04"]
[EventType "team-tourn"]
[EventRounds "6"]
[EventCountry "ESP"]
[Source "lmi"]
[SourceDate "2009.12.04"]

1. e4 e6 2. d4 d5 3. e5 c5 4. c3 Nc6 5. Nf3 Qb6 6. a3 Nh6 7. b4 cxd4 8. cxd4
Nf5 9. Bb2 Be7 10. Be2 a5 11. b5 a4 12. Bc3 Na7 13. Qxa4 Bd7 14. Qb3 Nc6 15.
Qd1 Na5 16. a4 O-O 17. O-O Rfc8 18. Qd3 Nb3 19. Ra2 Rc4 20. Qd1 Rxc3 21. Nxc3
Nbxd4 22. Nxd4 Nxd4 23. Bd3 Bb4 24. Bxh7+ Kxh7 25. Qb1+ Kg8 26. Qxb4 Nf5 27. a5
Qd8 28. a6 bxa6 29. Rxa6 d4 30. Ne4 Rxa6 31. bxa6 Bc6 32. Nd6 Qg5 33. g3 Nh4
34. Qb8+ Kh7 35. Qh8+ 1-0

[Event "Benidorm 2009 - Campeonato de España po"]
[Site "Benidorm ESP"]
[Date "2009.12.05"]
[Round "2.12"]
[White "Talavera Garcia, Santiago"]
[Black "Silva Rodriguez, Fernando"]
[Result "0-1"]
[WhiteElo "1868"]
[BlackElo "2048"]
[PlyCount "96"]
[EventDate "2009.12.04"]
[EventType "team-tourn"]
[EventRounds "6"]
[EventCountry "ESP"]
[Source "lmi"]
[SourceDate "2009.12.04"]

1. e4 e5 2. Bc4 Nf6 3. d3 Nc6 4. Nf3 Bc5 5. O-O d6 6. c3 O-O 7. Nbd2 a6 8. Bb3
Ba7 9. Qe2 Ne7 10. Nc4 Ng6 11. g3 c6 12. Kg2 Re8 13. Be3 d5 14. Ncd2 d4 15.
cxd4 exd4 16. Bg5 h6 17. Bxf6 Qxf6 18. Ng1 Ne5 19. h3 c5 20. f4 Nc6 21. Rac1 b5
22. e5 Qe7 23. Bd5 Bb7 24. Qf3 Qd7 25. Be4 Rac8 26. Kh2 Ba8 27. g4 Ne7 28. Bxa8
Rxa8 29. Ne4 Qd5 30. b3 Red8 31. Rc2 Rac8 32. Rfc1 Rc6 33. Kg3 Rd7 34. Nd6 f6
35. Re2 fxe5 36. fxe5 Bb8 37. Nf5 Bxe5+ 38. Kf2 Nxf5 39. gxf5 Rf6 40. Qxd5+
Rxd5 41. Rce1 Bd6 42. Re8+ Kh7 43. R1e2 Rdxf5+ 44. Kg2 Rg6+ 45. Kh1 Rg3 46.
R8e6 Bc7 47. Rg2 Rxd3 48. Rxa6 Rf1 0-1

[Event "Benidorm 2009 - Campeonato de España po"]
[Site "Benidorm ESP"]
[Date "2009.12.05"]
[Round "2.13"]
[White "Ballester Llagaria, Luis Eduardo"]
[Black "Simon Escalona, Jorge"]
[Result "1/2-1/2"]
[WhiteElo "2042"]
[BlackElo "1808"]
[PlyCount "45"]
[EventDate "2009.12.04"]
[EventType "team-tourn"]
[EventRounds "6"]
[EventCountry "ESP"]
[Source "lmi"]
[SourceDate "2009.12.04"]

1. e4 e5 2. Nf3 Nc6 3. Bb5 a6 4. Ba4 Nf6 5. d3 d6 6. c3 Be7 7. O-O O-O 8. Re1
b5 9. Bc2 Re8 10. Nbd2 Bf8 11. a4 Bb7 12. Nf1 g6 13. Ng3 Bg7 14. d4 exd4 15.
Nxd4 Nxd4 16. cxd4 c5 17. dxc5 dxc5 18. Qxd8 Raxd8 19. axb5 axb5 20. Bf4 c4 21.
h3 Nd7 22. Ra7 Nc5 23. b4 1/2-1/2

[Event "Benidorm 2009 - Campeonato de España po"]
[Site "Benidorm ESP"]
[Date "2009.12.05"]
[Round "2.14"]
[White "Valencia De Loma, Sergio"]
[Black "Silva Rodriguez, Julio"]
[Result "0-1"]
[WhiteElo "1707"]
[BlackElo "1983"]
[PlyCount "50"]
[EventDate "2009.12.04"]
[EventType "team-tourn"]
[EventRounds "6"]
[EventCountry "ESP"]
[Source "lmi"]
[SourceDate "2009.12.04"]

1. d4 d5 2. c4 c6 3. Nc3 Nf6 4. Bg5 dxc4 5. e3 b5 6. a4 b4 7. Na2 Ne4 8. Bh4 b3
9. Nc3 Nxc3 10. bxc3 Qa5 11. Qd2 Ba6 12. Nf3 Nd7 13. Be2 e6 14. Ne5 Nxe5 15.
dxe5 Bc5 16. O-O O-O 17. e4 Bb6 18. Bf6 gxf6 19. exf6 Kh8 20. Qf4 Qxc3 21. e5
Rad8 22. Bf3 Qd2 23. Qh4 b2 24. Be4 Bxf2+ 25. Rxf2 bxa1=Q+ 0-1

[Event "Benidorm 2009 - Campeonato de España po"]
[Site "Benidorm ESP"]
[Date "2009.12.05"]
[Round "2.21"]
[White "Matinez Ramirez, Erik"]
[Black "Antolin Concha, Diego"]
[Result "0-1"]
[WhiteElo "2129"]
[BlackElo "2171"]
[PlyCount "126"]
[EventDate "2009.12.04"]
[EventType "team-tourn"]
[EventRounds "6"]
[EventCountry "ESP"]
[Source "lmi"]
[SourceDate "2009.12.04"]

1. e4 c5 2. Nf3 d6 3. d4 Nf6 4. Nc3 cxd4 5. Nxd4 a6 6. f3 e5 7. Nb3 Be6 8. Be3
Be7 9. Qd2 Nbd7 10. O-O-O b5 11. g4 b4 12. Nd5 Bxd5 13. exd5 Nb6 14. Na5 Nbxd5
15. Nc6 Qc7 16. Nxe7 Nxe3 17. Qxe3 Kxe7 18. Bd3 Rhe8 19. f4 Kf8 20. g5 Nh5 21.
Qe4 g6 22. fxe5 dxe5 23. Qxb4+ Kg8 24. Be4 Rab8 25. Qd6 Qa5 26. Bd5 Rbd8 27.
Qc6 Nf4 28. Bb3 Ne2+ 29. Kb1 Nd4 30. Qf6 Nxb3 31. axb3 e4 32. h4 e3 33. Rxd8
Rxd8 34. Qc3 Qd5 35. Re1 e2 36. Qd3 Qxd3 37. cxd3 Rxd3 38. Rxe2 Rxb3 39. Re4
Kg7 40. Kc2 Rb6 41. Rf4 f6 42. Rc4 fxg5 43. hxg5 Rb5 44. Rc7+ Kg8 45. Rc8+ Kf7
46. Rc7+ Ke6 47. Rc6+ Kf5 48. Rc7 Kxg5 49. Rxh7 Kf4 50. Rf7+ Rf5 51. Ra7 a5 52.
b4 axb4 53. Rb7 Rd5 54. Rxb4+ Kf3 55. Rb3+ Kf2 56. Kc1 g5 57. Rb2+ Kg3 58. Rb3+
Kh4 59. Rb8 g4 60. Rg8 Kh3 61. Kc2 g3 62. Kc3 Kh2 63. Rh8+ Kg1 0-1

[Event "Benidorm 2009 - Campeonato de España po"]
[Site "Benidorm ESP"]
[Date "2009.12.05"]
[Round "2.22"]
[White "Castillo Sanjuan, Alejandro"]
[Black "Molinero Gomez, Sandra"]
[Result "1-0"]
[WhiteElo "1949"]
[BlackElo "1860"]
[PlyCount "52"]
[EventDate "2009.12.04"]
[EventType "team-tourn"]
[EventRounds "6"]
[EventCountry "ESP"]
[Source "lmi"]
[SourceDate "2009.12.04"]

1. e4 c5 2. Nc3 Nc6 3. f4 e6 4. Bc4 Nge7 5. d3 d5 6. Bb3 b5 7. a3 Nd4 8. Ba2
Bb7 9. Nf3 g6 10. O-O Bg7 11. e5 Nef5 12. g4 Nxf3+ 13. Qxf3 Nd4 14. Qf2 f6 15.
Be3 fxe5 16. fxe5 Qd7 17. Bxd4 cxd4 18. Qxd4 h5 19. Rae1 hxg4 20. Qxg4 O-O-O
21. d4 Rh6 22. Re2 Ba6 23. b4 Bb7 24. Ne4 Rdh8 25. Nd6+ Kb8 26. Rf7 Qd8 1-0

[Event "Benidorm 2009 - Campeonato de España po"]
[Site "Benidorm ESP"]
[Date "2009.12.05"]
[Round "2.23"]
[White "Campos Cayuelas, Andria"]
[Black "Jimenez Fernandez, Alejandro"]
[Result "1-0"]
[WhiteElo "1844"]
[BlackElo "1940"]
[PlyCount "67"]
[EventDate "2009.12.04"]
[EventType "team-tourn"]
[EventRounds "6"]
[EventCountry "ESP"]
[Source "lmi"]
[SourceDate "2009.12.04"]

1. e4 c6 2. d4 d5 3. f3 e6 4. Nc3 Nf6 5. Be3 Bb4 6. Bd3 dxe4 7. fxe4 Nxe4 8.
Nge2 Nxc3 9. bxc3 Bd6 10. O-O Nd7 11. Qd2 Qc7 12. Bf4 b6 13. Bxd6 Qxd6 14. Qg5
g6 15. Rf3 Bb7 16. Raf1 f6 17. Rxf6 Nxf6 18. Rxf6 O-O-O 19. Bc4 Rhf8 20. Rxe6
Rf5 21. Qe3 Qf8 22. Ng3 Rf6 23. Re7 Kb8 24. Qe5+ Ka8 25. Qc7 Rb8 26. Ba6 Qc8
27. Bxb7+ Qxb7 28. Qe5 Rbf8 29. Rxb7 Kxb7 30. h3 h5 31. Ne4 Rf1+ 32. Kh2 h4 33.
Qe7+ Ka6 34. Nd6 1-0

[Event "Benidorm 2009 - Campeonato de España po"]
[Site "Benidorm ESP"]
[Date "2009.12.05"]
[Round "2.24"]
[White "Castillo Sanjuan, Daniel"]
[Black "Fernandez Aguilar, Francisco"]
[Result "1-0"]
[WhiteElo "1882"]
[BlackElo "1757"]
[PlyCount "163"]
[EventDate "2009.12.04"]
[EventType "team-tourn"]
[EventRounds "6"]
[EventCountry "ESP"]
[Source "lmi"]
[SourceDate "2009.12.04"]

1. e4 e5 2. Nf3 Nc6 3. d4 exd4 4. Nxd4 Bc5 5. Be3 Qf6 6. c3 Nge7 7. Be2 d5 8.
Nd2 Bxd4 9. cxd4 Nxd4 10. Qa4+ Ndc6 11. exd5 Nxd5 12. Bc5 Nf4 13. Kf1 Nxg2 14.
Bf3 Bh3 15. Qe4+ Kd8 16. Bxg2 Bxg2+ 17. Qxg2 Qxb2 18. Qd5+ Kc8 19. Rb1 Qe5 20.
Qxe5 Nxe5 21. Bd4 f6 22. Rg1 Ng6 23. Rg4 Rd8 24. Be3 b6 25. h4 Rd7 26. Nc4 Rd5
27. Ke2 Rh5 28. f3 f5 29. Rg5 Rxh4 30. Nd2 Rh2+ 31. Kd3 Ne5+ 32. Kc3 g6 33. Bf4
Re2 34. Rh1 Nxf3 35. Nxf3 Rxa2 36. Kb3 Rf2 37. Rg3 h5 38. Be3 Re2 39. Nd4 f4
40. Nxe2 fxg3 41. Nxg3 a5 42. Rf1 h4 43. Ne2 Kb7 44. Bg5 h3 45. Rh1 Re8 46. Nf4
Re3+ 47. Kb2 a4 48. Rxh3 Rxh3 49. Nxh3 c5 50. Nf4 b5 51. Nxg6 b4 52. Ne5 Kb6
53. Be7 Kb5 54. Nd3 a3+ 55. Ka2 b3+ 56. Kxa3 c4 57. Ne5 c3 58. Kxb3 c2 59. Kxc2
Ka4 60. Kc3 Kb5 61. Kd4 Ka4 62. Nc4 Kb5 63. Kd5 Ka4 64. Kc5 Kb3 65. Bg5 Kc3 66.
Ne5 Kb3 67. Nd3 Ka4 68. Bd2 Kb3 69. Ne1 Ka4 70. Kc4 Ka3 71. Nd3 Ka4 72. Bc3 Ka3
73. Nb2 Ka2 74. Bf6 Ka3 75. Kc3 Ka2 76. Nc4 Ka1 77. Bg5 Ka2 78. Bf4 Kb1 79. Kb3
Ka1 80. Bg5 Kb1 81. Na3+ Ka1 82. Bf6# 1-0

[Event "Benidorm 2009 - Campeonato de España po"]
[Site "Benidorm ESP"]
[Date "2009.12.05"]
[Round "3.11"]
[White "Rodriguez Lapetra, Pablo"]
[Black "Montoliu Cervero, Francisco"]
[Result "1-0"]
[WhiteElo "2075"]
[BlackElo "2112"]
[PlyCount "55"]
[EventDate "2009.12.04"]
[EventType "team-tourn"]
[EventRounds "6"]
[EventCountry "ESP"]
[Source "lmi"]
[SourceDate "2009.12.04"]

1. e4 c5 2. Nf3 d6 3. d4 cxd4 4. Nxd4 Nf6 5. Nc3 g6 6. Bc4 Bg7 7. O-O O-O 8.
Re1 Nc6 9. Nb3 a6 10. a4 h6 11. Nd5 Nd7 12. c3 Rb8 13. a5 Kh7 14. Be3 Nde5 15.
Bf1 f5 16. Bb6 Qd7 17. Bc7 e6 18. Bxd6 exd5 19. Bxf8 Bxf8 20. exd5 Qc7 21. dxc6
bxc6 22. h3 Bb7 23. Qe2 Bd6 24. Rad1 Ba8 25. Rxd6 Qxd6 26. Qxe5 Qxe5 27. Rxe5
Rxb3 28. Re7+ 1-0

[Event "Benidorm 2009 - Campeonato de España po"]
[Site "Benidorm ESP"]
[Date "2009.12.05"]
[Round "3.12"]
[White "Silva Rodriguez, Fernando"]
[Black "Meneses Gonzalez, Kevin Moises"]
[Result "1-0"]
[WhiteElo "2048"]
[BlackElo "2070"]
[PlyCount "67"]
[EventDate "2009.12.04"]
[EventType "team-tourn"]
[EventRounds "6"]
[EventCountry "ESP"]
[Source "lmi"]
[SourceDate "2009.12.04"]

1. e4 c5 2. Nf3 d6 3. d4 cxd4 4. Nxd4 Nf6 5. f3 Nc6 6. c4 e6 7. Be3 Be7 8. Nc3
O-O 9. Be2 Qc7 10. O-O Bd7 11. Rc1 Nxd4 12. Qxd4 Qa5 13. Rb1 Rfc8 14. b4 Qh5
15. f4 Qh4 16. Rf3 e5 17. Qd3 Bg4 18. Rg3 exf4 19. Bxf4 Be6 20. Bg5 Bxc4 21.
Qd4 Bd8 22. Bxh4 Bb6 23. Bxf6 Bxd4+ 24. Bxd4 Bxe2 25. Rxg7+ Kf8 26. Nxe2 Rc2
27. Ng3 Rd2 28. Bf6 Rc8 29. Rxh7 Ke8 30. Rh8+ Kd7 31. Rxc8 Kxc8 32. h4 Rxa2 33.
h5 Ra3 34. Kh2 1-0

[Event "Benidorm 2009 - Campeonato de España po"]
[Site "Benidorm ESP"]
[Date "2009.12.05"]
[Round "3.13"]
[White "Nortes Hernandez, Pedro"]
[Black "Ballester Llagaria, Luis Eduardo"]
[Result "1-0"]
[WhiteElo "1850"]
[BlackElo "2042"]
[PlyCount "83"]
[EventDate "2009.12.04"]
[EventType "team-tourn"]
[EventRounds "6"]
[EventCountry "ESP"]
[Source "lmi"]
[SourceDate "2009.12.04"]

1. e4 c5 2. Nf3 e6 3. d4 cxd4 4. Nxd4 Nf6 5. Nc3 Nc6 6. Ndb5 d6 7. Bf4 e5 8.
Bg5 a6 9. Na3 b5 10. Nd5 Be7 11. Bxf6 Bxf6 12. c3 O-O 13. Nc2 Rb8 14. Be2 Bg5
15. O-O Be6 16. Nce3 Bxe3 17. Nxe3 Ne7 18. Bf3 Qb6 19. Qd2 a5 20. Rfd1 Rfd8 21.
Bg4 Rbc8 22. Nd5 Qb7 23. Bf5 h6 24. Qd3 Rc5 25. Bxe6 fxe6 26. Ne3 Ng6 27. g3
Rc7 28. Rd2 Rcd7 29. Rad1 Qb6 30. c4 b4 31. h4 Ne7 32. Ng4 Nc6 33. Nh2 Qc5 34.
b3 Nb8 35. Qf3 Re7 36. Qh5 Qc6 37. Qg6 Kh8 38. Ng4 Qc5 39. Nf6 gxf6 40. Qxf6+
Rg7 41. Qxd8+ Rg8 42. Qxd6 1-0

[Event "Benidorm 2009 - Campeonato de España po"]
[Site "Benidorm ESP"]
[Date "2009.12.05"]
[Round "3.14"]
[White "Silva Rodriguez, Julio"]
[Black "Molina Rodriguez, Borja"]
[Result "1-0"]
[WhiteElo "1983"]
[BlackElo "1832"]
[PlyCount "133"]
[EventDate "2009.12.04"]
[EventType "team-tourn"]
[EventRounds "6"]
[EventCountry "ESP"]
[Source "lmi"]
[SourceDate "2009.12.04"]

1. e4 c5 2. Nf3 Nc6 3. d4 cxd4 4. Nxd4 Nf6 5. Nc3 e5 6. Ndb5 d6 7. Bg5 a6 8.
Na3 b5 9. Nd5 Be7 10. Bxf6 Bxf6 11. c4 b4 12. Nc2 a5 13. Be2 Bg5 14. Qd3 O-O
15. O-O Be6 16. Rad1 Ne7 17. Nde3 Nc8 18. a3 Bxe3 19. Qxe3 Qc7 20. b3 Rb8 21.
axb4 axb4 22. Ra1 Ne7 23. Ra4 Qc5 24. Qd2 Nc6 25. Rd1 Rfd8 26. Bf3 h6 27. g3
Kf8 28. Kh1 Ke7 29. Bg2 Ra8 30. Rda1 Rxa4 31. Rxa4 Rb8 32. f4 f6 33. f5 Bf7 34.
g4 Be8 35. Ra1 Rb7 36. h4 Na5 37. Rb1 Nc6 38. g5 hxg5 39. hxg5 Ra7 40. Ne3 Bf7
41. gxf6+ gxf6 42. Ng4 Nb8 43. Qh6 Nd7 44. Qg7 Qc8 45. Nh6 Qf8 46. Qh7 Nc5 47.
Bf3 Kd8 48. Ng4 Nd7 49. Nh6 Nc5 50. Ng4 Nd7 51. Rd1 Kc7 52. Nh6 Be8 53. Rg1 Kd8
54. Bh5 Bxh5 55. Rg8 Ra1+ 56. Kh2 Bf3 57. Rxf8+ Nxf8 58. Qh8 Bxe4 59. Qxf6+ Kc7
60. Qxf8 Ra2+ 61. Kh3 Ra3 62. Qe7+ Kc6 63. Qe8+ Kc5 64. Qb5+ Kd4 65. Qxb4 Ra1
66. Qxd6+ Ke3 67. Ng4+ 1-0

[Event "Benidorm 2009 - Campeonato de España po"]
[Site "Benidorm ESP"]
[Date "2009.12.05"]
[Round "3.21"]
[White "Antolin Concha, Diego"]
[Black "Perez Cuadrado Robles, Alejandro"]
[Result "1/2-1/2"]
[WhiteElo "2171"]
[BlackElo "1919"]
[PlyCount "123"]
[EventDate "2009.12.04"]
[EventType "team-tourn"]
[EventRounds "6"]
[EventCountry "ESP"]
[Source "lmi"]
[SourceDate "2009.12.04"]

1. d4 Nf6 2. c4 g6 3. Nc3 d5 4. cxd5 Nxd5 5. e4 Nxc3 6. bxc3 Bg7 7. Be3 O-O 8.
Bd3 c5 9. Ne2 cxd4 10. cxd4 Nc6 11. Bc2 Qa5+ 12. Bd2 Qc7 13. Bc3 Rd8 14. d5
Bxc3+ 15. Nxc3 Nb4 16. Qd2 Nxc2+ 17. Qxc2 e6 18. Qd2 exd5 19. Nxd5 Qe5 20. O-O
Be6 21. Rad1 Bxd5 22. exd5 Rd7 23. Rfe1 Qf5 24. Re3 Rad8 25. Rd3 Rd6 26. h3 b6
27. Rd4 Qf6 28. Qd3 Qe5 29. f4 Qe7 30. Kh2 Re8 31. Qc4 Red8 32. Re4 Qd7 33. Re5
Rc8 34. Qe4 Kf8 35. Re1 Rd8 36. Re7 Qb5 37. Rxa7 Qxd5 38. Qe7+ Kg7 39. Re5 R6d7
40. Rxd7 Qxd7 41. Qh4 Qd6 42. Rb5 Ra8 43. Qf2 Qa3 44. f5 Qd6+ 45. g3 Ra6 46. h4
Qc6 47. Rb3 b5 48. h5 Qa8 49. f6+ Kg8 50. Rxb5 Rxa2 51. Rb8+ Qxb8 52. Qxa2 gxh5
53. Qd2 Qf8 54. Qg5+ Kh8 55. Qxh5 Qg8 56. Qd5 h6 57. Qh5 Qg6 58. Qe5 h5 59. Qf4
Kh7 60. Kh3 Qh6 61. Qf5+ Qg6 62. Qf4 1/2-1/2

[Event "Benidorm 2009 - Campeonato de España po"]
[Site "Benidorm ESP"]
[Date "2009.12.05"]
[Round "3.22"]
[White "Donado-Mazarron Gomez, Miguel"]
[Black "Castillo Sanjuan, Alejandro"]
[Result "0-1"]
[WhiteElo "1862"]
[BlackElo "1949"]
[PlyCount "48"]
[EventDate "2009.12.04"]
[EventType "team-tourn"]
[EventRounds "6"]
[EventCountry "ESP"]
[Source "lmi"]
[SourceDate "2009.12.04"]

1. e4 c5 2. Nf3 d6 3. d4 cxd4 4. Nxd4 Nf6 5. Nc3 e6 6. f3 Be7 7. Be3 O-O 8. Qd2
a6 9. O-O-O Nc6 10. g4 Qc7 11. h4 b5 12. h5 Nxd4 13. Bxd4 b4 14. Nb1 e5 15. Be3
Be6 16. g5 Nd7 17. b3 a5 18. f4 exf4 19. Bxf4 Rac8 20. Bh3 Nc5 21. Bxe6 fxe6
22. Rh2 Nxe4 23. Qe3 Rxf4 24. h6 Bxg5 0-1

[Event "Benidorm 2009 - Campeonato de España po"]
[Site "Benidorm ESP"]
[Date "2009.12.05"]
[Round "3.23"]
[White "Jimenez Fernandez, Alejandro"]
[Black "Duarte Garcia, Pilar"]
[Result "1-0"]
[WhiteElo "1940"]
[BlackElo "1707"]
[PlyCount "107"]
[EventDate "2009.12.04"]
[EventType "team-tourn"]
[EventRounds "6"]
[EventCountry "ESP"]
[Source "lmi"]
[SourceDate "2009.12.04"]

1. d4 d5 2. Nf3 Nf6 3. c4 c6 4. Nc3 e6 5. Bg5 Be7 6. e3 O-O 7. cxd5 exd5 8. Qc2
Nbd7 9. Bd3 Re8 10. O-O h6 11. Bf4 Nh5 12. Nxd5 Nxf4 13. Nxf4 Bd6 14. Ne2 Nf6
15. Bf5 Qb6 16. Rab1 Qb5 17. Bxc8 Raxc8 18. b4 Nd5 19. a3 Nb6 20. Nc3 Qc4 21.
Nd2 Qe6 22. Nce4 Bb8 23. Nc5 Qe7 24. Qe4 Qc7 25. Qh4 Nd7 26. Qg3 Nxc5 27. Qxc7
Bxc7 28. bxc5 Rb8 29. Rfc1 f5 30. Nc4 f4 31. Re1 fxe3 32. fxe3 Kf7 33. e4 Red8
34. Red1 Re8 35. e5 Ke6 36. Nd6 Bxd6 37. cxd6 Kd7 38. Rd3 c5 39. Rb5 cxd4 40.
Rxd4 b6 41. Rc4 Rbc8 42. Rxc8 Rxc8 43. Rb3 Rc5 44. Re3 Rd5 45. e6+ Ke8 46. d7+
Ke7 47. Kf2 b5 48. Ke2 Rg5 49. Rd3 Re5+ 50. Kd2 Kd8 51. Re3 Rxe3 52. Kxe3 a5
53. Kd4 Ke7 54. Kc5 1-0

[Event "Benidorm 2009 - Campeonato de España po"]
[Site "Benidorm ESP"]
[Date "2009.12.05"]
[Round "3.24"]
[White "Colchero Truniger, Alejandro"]
[Black "Castillo Sanjuan, Daniel"]
[Result "0-1"]
[WhiteElo "1686"]
[BlackElo "1882"]
[PlyCount "50"]
[EventDate "2009.12.04"]
[EventType "team-tourn"]
[EventRounds "6"]
[EventCountry "ESP"]
[Source "lmi"]
[SourceDate "2009.12.04"]

1. d4 Nf6 2. c4 g6 3. Nc3 Bg7 4. Nf3 d6 5. e4 O-O 6. Be2 Nc6 7. O-O e5 8. dxe5
Nxe5 9. Nxe5 dxe5 10. Qxd8 Rxd8 11. Bg5 c6 12. Rad1 Be6 13. c5 h6 14. Bh4 g5
15. Bg3 Nd7 16. b4 a5 17. a3 axb4 18. axb4 Ra3 19. Nb1 Rb3 20. Rd2 Rxb4 21. h3
Ra8 22. Rc1 Nxc5 23. Rxc5 Rxb1+ 24. Rd1 Rxd1+ 25. Bxd1 Ra1 0-1

[Event "Benidorm 2009 - Campeonato de España po"]
[Site "Benidorm ESP"]
[Date "2009.12.06"]
[Round "4.11"]
[White "Montoliu Cervero, Francisco"]
[Black "Antolin Concha, Diego"]
[Result "1-0"]
[WhiteElo "2112"]
[BlackElo "2171"]
[PlyCount "79"]
[EventDate "2009.12.04"]
[EventType "team-tourn"]
[EventRounds "6"]
[EventCountry "ESP"]
[Source "lmi"]
[SourceDate "2009.12.04"]

1. e4 c5 2. Nf3 d6 3. d4 Nf6 4. Nc3 cxd4 5. Nxd4 a6 6. g3 e5 7. Nb3 Be7 8. Bg2
Nbd7 9. a4 b6 10. O-O Bb7 11. Re1 O-O 12. Nd2 Rc8 13. Nf1 Nc5 14. Bg5 Nfxe4 15.
Nxe4 Bxg5 16. Nxd6 Bxg2 17. Kxg2 Rc7 18. Nc4 Rd7 19. Qe2 f6 20. b4 Ne6 21. c3
Rd3 22. Rad1 Qa8+ 23. Kg1 Rxc3 24. Nxb6 Qb7 25. Nd5 Rc6 26. Qe4 Kh8 27. h4 Bh6
28. Nh2 Nd4 29. Nf3 f5 30. Qd3 Rd6 31. Rxe5 Rxd5 32. Rxd5 Qxd5 33. Nxd4 Rd8 34.
Qc3 Kg8 35. b5 axb5 36. axb5 g6 37. Rd3 f4 38. Nf5 Qxd3 39. Nxh6+ Kf8 40. Qf6+
1-0